| 000 | 00754nam a2200229Ia 4500 | ||
|---|---|---|---|
| 003 | OSt | ||
| 005 | 20220923220321.0 | ||
| 006 | a|||||r|||| 00| 0 | ||
| 007 | ta | ||
| 008 | 220922b |||||||| |||| 00| 0 hin d | ||
| 024 | _a185,951 | ||
| 037 | _cTextual | ||
| 040 |
_aARTS _cARTS _bhin |
||
| 041 |
_2hin _ahin |
||
| 082 | _aY173P15:1:90N1, 152K5-;2 | ||
| 100 | _aउपाध्याय, भगवतशरण | ||
| 245 | 0 | _aभारतीय कला और संस्कृति की भूमिका | |
| 246 | _aBhāratīya kalā aur sanskṛuti kī bhūmikā | ||
| 260 | _c1965 | ||
| 942 |
_hY173P15:1:90N1, 152K5-;2 _cTEXL _2CC |
||
| 999 |
_c339196 _d339196 |
||